Gas turbine performance (Record no. 598064)
[ view plain ]
| 000 -LEADER | |
|---|---|
| fixed length control field | 00323nam a2200121Ia 4500 |
| 008 - FIXED-LENGTH DATA ELEMENTS--GENERAL INFORMATION | |
| fixed length control field | 230907s9999||||xx |||||||||||||| ||und|| |
| 082 ## - DEWEY DECIMAL CLASSIFICATION NUMBER | |
| Classification number | 621.433,WAL |
| 100 ## - MAIN ENTRY--PERSONAL NAME | |
| Personal name | Walsh, Philip P. |
| 9 (RLIN) | 115305 |
| 245 #0 - TITLE STATEMENT | |
| Title | Gas turbine performance |
| 260 ## - PUBLICATION, DISTRIBUTION, ETC. | |
| Place of publication, distribution, etc. | Blackwell Science, |
| Name of publisher, distributor, etc. | Malden, MA : |
| Date of publication, distribution, etc. | 2004 |
| 300 ## - PHYSICAL DESCRIPTION | |
| Extent | xiv, 646 p. : |
| 942 ## - ADDED ENTRY ELEMENTS (KOHA) | |
| Koha item type | Book |
| Withdrawn status | Lost status | Damaged status | Not for loan | Permanent Location | Current Location | Date acquired | Total Checkouts | Full call number | Barcode | Date last seen | Price effective from | Koha item type |
|---|---|---|---|---|---|---|---|---|---|---|---|---|
| US-Pakistan Center for Advanced Studies in Energy (USPCAS-E) | US-Pakistan Center for Advanced Studies in Energy (USPCAS-E) | 06/04/2018 | 621.433,WAL | CAS-E0002163 | 09/12/2023 | 09/12/2023 | Book |
